[Event "Ruhrgebiet Verbandsbezirksliga Gr 1"]
[Site "Ruhrgebiet"]
[Date "2019.04.07"]
[Round "8.4"]
[White "Seref, Okan"]
[Black "Volkermann, Thomas"]
[Result "1-0"]
[WhiteElo "1708"]
[BlackElo "1595"]
[PlyCount "107"]
[EventDate "2018.09.30"]
[EventType "team-tourn"]
[EventRounds "9"]
[EventCountry "GER"]
[SourceTitle "EXT 2022"]
[Source "ChessBase"]
[SourceDate "2021.10.06"]
[SourceVersion "1"]
[SourceVersionDate "2021.10.06"]
[SourceQuality "1"]
[WhiteTeam "Luenen Horstmar SC"]
[BlackTeam "Unna SV II"]
[WhiteTeamCountry "GER"]
[BlackTeamCountry "GER"]

1. d4 Nf6 2. Nf3 c5 3. c4 cxd4 4. Nxd4 Nc6 5. Nc3 e6 6. Bg5 Be7 7. e3 0-0 8. Be2 d6 9. Bf3 Bd7 10. Ndb5 Be8 11. 0-0 a6 12. Nd4 h6 13. Bh4 Qc7 14. Bg3 Nxd4 15. Qxd4 e5 16. Qd3 Bc6 17. e4 Rfd8 18. b4 Rac8 19. Rac1 Be8 20. Be2 Qb6 21. a3 Bd7 22. Kh1 Be6 23. Nd5 Nxd5 24. exd5 Bd7 25. f4 f6 26. fxe5 dxe5 27. Bd1 Qd4 28. Qxd4 exd4 29. Bf2 a5 30. c5 axb4 31. axb4 Bb5 32. Re1 Bf8 33. Bxd4 Re8 34. Bg4 Rxe1+ 35. Rxe1 Re8 36. Be6+ Kh8 37. Ra1 Bc4 38. Ra7 Rd8 39. Rxb7 Bxd5 40. Rd7 Rxd7 41. Bxd7 Kg8 42. Be8 Be7 43. b5 Kf8 44. Bd7 Bd8 45. c6 Bc4 46. b6 Bxb6 47. Bxb6 Bb5 48. Kg1 g5 49. Kf2 Kg7 50. Ke3 f5 51. Kd4 Kf6 52. Bd8+ Kg6 53. Ke5 f4 54. Bf5+ 1-0

[Event "Ruhrgebiet Verbandsbezirksliga Gr 1"]
[Site "Ruhrgebiet"]
[Date "2018.12.16"]
[Round "4.5"]
[White "Dreesbach, Christoph"]
[Black "Seref, Okan"]
[Result "1/2-1/2"]
[WhiteElo "1790"]
[BlackElo "1708"]
[PlyCount "47"]
[EventDate "2018.09.30"]
[EventType "team-tourn"]
[EventRounds "9"]
[EventCountry "GER"]
[SourceTitle "EXT 2022"]
[Source "ChessBase"]
[SourceDate "2021.10.06"]
[SourceVersion "1"]
[SourceVersionDate "2021.10.06"]
[SourceQuality "1"]
[WhiteTeam "Ahlen SV II"]
[BlackTeam "Luenen Horstmar SC"]
[WhiteTeamCountry "GER"]
[BlackTeamCountry "GER"]

1. e4 c5 2. Nf3 e6 3. d4 cxd4 4. Nxd4 Nc6 5. Nb3 Nf6 6. N1d2 a6 7. c3 Be7 8. Bd3 0-0 9. 0-0 d5 10. Qc2 h6 11. Rd1 b5 12. Nf3 Bb7 13. Be3 Qc7 14. exd5 Nxd5 15. Bc5 Rfd8 16. a4 bxa4 17. Rxa4 Nf4 18. Bf1 Rxd1 19. Qxd1 e5 20. Be3 Ne6 21. Nh4 Bxh4 22. Rxh4 Ne7 23. Rg4 Rd8 24. Qa1 1/2-1/2

[Event "Ruhrgebiet Verbandsbezirksliga Gr 1"]
[Site "Ruhrgebiet"]
[Date "2018.11.11"]
[Round "3.5"]
[White "Seref, Okan"]
[Black "Zimmer, Tobias"]
[Result "1/2-1/2"]
[WhiteElo "1708"]
[BlackElo "1662"]
[PlyCount "118"]
[EventDate "2018.09.30"]
[EventType "team-tourn"]
[EventRounds "9"]
[EventCountry "GER"]
[SourceTitle "EXT 2022"]
[Source "ChessBase"]
[SourceDate "2021.10.06"]
[SourceVersion "1"]
[SourceVersionDate "2021.10.06"]
[SourceQuality "1"]
[WhiteTeam "Luenen Horstmar SC"]
[BlackTeam "Werl SC 1981 II"]
[WhiteTeamCountry "GER"]
[BlackTeamCountry "GER"]

1. e4 e6 2. d3 d5 3. Nd2 Nf6 4. g3 Bc5 5. c3 dxe4 6. dxe4 0-0 7. Bg2 Qd3 8. Qe2 Rd8 9. Qxd3 Rxd3 10. Ne2 Nc6 11. b4 Bb6 12. Nc4 Rd8 13. f4 Ng4 14. Nxb6 axb6 15. h3 Nf6 16. e5 Nd5 17. 0-0 Nce7 18. g4 Bd7 19. Bd2 Bb5 20. Rfe1 Bc4 21. a3 Nxb4 22. axb4 Rxa1 23. Rxa1 Bxe2 24. Bxb7 h5 25. Be4 hxg4 26. hxg4 Bxg4 27. Be3 Rd1+ 28. Rxd1 Bxd1 29. Kf2 Bb3 30. Bd3 f6 31. exf6 gxf6 32. Bd2 Kf7 33. Be1 Bd5 34. Bd2 Bb7 35. Be3 Nd5 36. Bd2 f5 37. Bc4 Nf6 38. Bd3 Be4 39. Be2 Ke7 40. Bd1 Kd6 41. Kg3 Bd3 42. Kf3 Kd5 43. Bb3+ Bc4 44. Bc2 b5 45. Be3 Ng4 46. Bd4 c6 47. Bb1 Bb3 48. Bd3 Bd1+ 49. Kg3 Nh6 50. Kf2 Nf7 51. Ke3 Nd6 52. Bf1 Bc2 53. Bg2+ Be4 54. Bf1 Nf7 55. Bf6 e5 56. Be2 Ke6 57. Bg7 Bd5 58. Bh5 e4 59. Bxf7+ Kxf7 1/2-1/2

[Event "Ruhrgebiet Bezirksliga 16/17"]
[Site "Ruhrgebiet"]
[Date "2017.02.12"]
[Round "8.5"]
[White "Seref, Okan"]
[Black "Wolf, Wolfgang"]
[Result "1-0"]
[WhiteElo "1688"]
[BlackElo "1655"]
[PlyCount "45"]
[EventDate "2016.08.28"]
[EventType "team-tourn"]
[EventRounds "11"]
[EventCountry "GER"]
[SourceTitle "EXT 2022"]
[Source "ChessBase"]
[SourceDate "2021.10.06"]
[SourceVersion "1"]
[SourceVersionDate "2021.10.06"]
[SourceQuality "1"]
[WhiteTeam "Luenen Horstmar SC"]
[BlackTeam "Werl SC 1981"]
[WhiteTeamCountry "GER"]
[BlackTeamCountry "GER"]

1. e4 d5 2. exd5 Qxd5 3. d4 Nf6 4. Nf3 Bg4 5. Be2 e6 6. 0-0 Be7 7. c4 Qd8 8. Qb3 Qc8 9. h3 Bh5 10. Nc3 0-0 11. Be3 Nbd7 12. Rfd1 c6 13. Rac1 Qb8 14. d5 cxd5 15. cxd5 exd5 16. Nxd5 Nxd5 17. Rxd5 Nf6 18. Rb5 b6 19. Rc6 Bg6 20. Qc4 Rc8 21. Ne5 Rxc6 22. Nxc6 Qe8 23. Re5 1-0

[Event "Ruhrgebiet Bezirksliga 15/16"]
[Site "Ruhrgebiet"]
[Date "2016.04.03"]
[Round "9.5"]
[White "Wolf, Wolfgang"]
[Black "Seref, Okan"]
[Result "0-1"]
[WhiteElo "1665"]
[BlackElo "1677"]
[PlyCount "36"]
[EventDate "2015.08.30"]
[EventType "team-tourn"]
[EventRounds "9"]
[EventCountry "GER"]
[SourceTitle "EXT 2022"]
[Source "ChessBase"]
[SourceDate "2021.10.06"]
[SourceVersion "1"]
[SourceVersionDate "2021.10.06"]
[SourceQuality "1"]
[WhiteTeam "Werl SC 1981"]
[BlackTeam "Luenen Horstmar SC"]
[WhiteTeamCountry "GER"]
[BlackTeamCountry "GER"]

1. b4 e5 2. Bb2 Bxb4 3. Bxe5 Nf6 4. Nf3 Nc6 5. Bb2 0-0 6. e3 d5 7. c4 Bf5 8. Be2 Qd6 9. 0-0 Rad8 10. cxd5 Nxd5 11. d4 Rfe8 12. Nbd2 Qh6 13. e4 Bxe4 14. Nxe4 Rxe4 15. Bd3 Ree8 16. Bc1 Qh5 17. Qc2 Bd6 18. a3 Nxd4 0-1

[Event "Ruhrgebiet Bezirksliga 15/16"]
[Site "Ruhrgebiet"]
[Date "2015.10.25"]
[Round "3.4"]
[White "Przybela, Josef Franz"]
[Black "Seref, Okan"]
[Result "1-0"]
[WhiteElo "1660"]
[BlackElo "1649"]
[PlyCount "83"]
[EventDate "2015.08.30"]
[EventType "team-tourn"]
[EventRounds "9"]
[EventCountry "GER"]
[SourceTitle "EXT 2022"]
[Source "ChessBase"]
[SourceDate "2021.10.06"]
[SourceVersion "1"]
[SourceVersionDate "2021.10.06"]
[SourceQuality "1"]
[WhiteTeam "Hamm Koenigsspringer II"]
[BlackTeam "Luenen Horstmar SC"]
[WhiteTeamCountry "GER"]
[BlackTeamCountry "GER"]

1. d4 f5 2. g3 Nf6 3. Bg2 g6 4. e3 Bg7 5. Ne2 d6 6. c4 0-0 7. 0-0 Qe8 8. Nbc3 c6 9. d5 Bd7 10. Qb3 Qc8 11. Bd2 Na6 12. Rac1 Nc5 13. Qc2 a5 14. Nd4 Ng4 15. Nf3 Ne5 16. Nxe5 dxe5 17. dxc6 bxc6 18. Na4 Nxa4 19. Qxa4 c5 20. Qc2 e4 21. Bc3 e5 22. Qd2 Be6 23. b3 Rd8 24. Qb2 Qc7 25. Rfd1 a4 26. Rxd8+ Rxd8 27. Qc2 axb3 28. axb3 Qd6 29. Bf1 Qb6 30. Rb1 Qc6 31. Qb2 Qc7 32. Be2 g5 33. b4 cxb4 34. Qxb4 Bf8 35. Qb5 Bd6 36. Ba5 Rb8 37. Bxc7 Rxb5 38. Rxb5 Bxc7 39. c5 Bd5 40. c6 Be6 41. Rb7 Bd6 42. c7 1-0

[Event "NRW Verbandsklasse Group2 1314"]
[Site "Nordrheinwestfalen"]
[Date "2014.03.09"]
[Round "8.5"]
[White "Thormann, Olaf"]
[Black "Seref, Okan"]
[Result "1-0"]
[WhiteElo "1785"]
[BlackElo "1760"]
[PlyCount "81"]
[EventDate "2013.09.08"]
[EventType "team-tourn"]
[EventRounds "9"]
[EventCountry "GER"]
[SourceTitle "EXT 2020"]
[Source "ChessBase"]
[SourceDate "2019.10.17"]
[SourceVersion "1"]
[SourceVersionDate "2019.10.17"]
[SourceQuality "1"]
[WhiteTeam "Doppelbauer Brambauer II"]
[BlackTeam "Luenen Horstmar SC"]
[WhiteTeamCountry "GER"]
[BlackTeamCountry "GER"]

1. e4 e5 2. Nc3 Nc6 3. Bc4 Nf6 4. d3 Bb4 5. Bg5 h6 6. Bh4 Na5 7. Bb3 Nxb3 8. axb3 d6 9. Nge2 g5 10. Bg3 Be6 11. 0-0 Nh5 12. d4 a6 13. dxe5 Nxg3 14. fxg3 Bc5+ 15. Kh1 dxe5 16. Nd5 Bxd5 17. exd5 Qd7 18. c4 0-0 19. Rf6 Kg7 20. Qf1 Qe7 21. Rf5 Rad8 22. g4 Rd6 23. Ng3 Rb6 24. Qe2 f6 25. Raf1 Rf7 26. Qd3 Bd4 27. R5f3 Kf8 28. Nf5 Qe8 29. Nxh6 e4 30. Qxd4 exf3 31. Nxf7 fxg2+ 32. Kxg2 Kxf7 33. c5 Rxb3 34. Qxf6+ Kg8 35. Qxg5+ Kh7 36. Qf5+ Kg7 37. Qf6+ Kg8 38. Qd4 Qg6 39. d6 Rd3 40. Qc4+ Kg7 41. Qf7+ 1-0

[Event "NRW Verbandsklasse Group2 1314"]
[Site "Nordrheinwestfalen"]
[Date "2014.01.26"]
[Round "6.5"]
[White "Lucke, Thomas"]
[Black "Seref, Okan"]
[Result "1/2-1/2"]
[WhiteElo "1884"]
[BlackElo "1760"]
[PlyCount "103"]
[EventDate "2013.09.08"]
[EventType "team-tourn"]
[EventRounds "9"]
[EventCountry "GER"]
[SourceTitle "EXT 2020"]
[Source "ChessBase"]
[SourceDate "2019.10.17"]
[SourceVersion "1"]
[SourceVersionDate "2019.10.17"]
[SourceQuality "1"]
[WhiteTeam "Castrop Rauxel II"]
[BlackTeam "Luenen Horstmar SC"]
[WhiteTeamCountry "GER"]
[BlackTeamCountry "GER"]

1. d4 Nf6 2. Nf3 e6 3. g3 d5 4. Bg2 Be7 5. 0-0 0-0 6. c4 dxc4 7. Qa4 a6 8. Qxc4 b5 9. Qc2 Bb7 10. Bd2 Nbd7 11. Ba5 Rc8 12. Nbd2 Qe8 13. b4 Bd6 14. Rac1 Nd5 15. Qb1 Qe7 16. a3 e5 17. e4 N5f6 18. Rfe1 Rfe8 19. dxe5 Nxe5 20. Nxe5 Bxe5 21. Nf3 c5 22. bxc5 Rxc5 23. Bb4 Rxc1 24. Qxc1 Qc7 25. Nxe5 Qxe5 26. f3 Qd4+ 27. Qe3 Qd7 28. Rc1 Rd8 29. Kf2 Bxe4 30. Qc5 Bb7 31. Ba5 Re8 32. h4 Qd3 33. Re1 Rc8 34. Qe7 Bc6 35. Kg1 Re8 36. Qc5 Bxf3 37. Rxe8+ Nxe8 38. Bb4 h6 39. Qf8+ Kh7 40. Qxe8 Bxg2 41. Kxg2 Qc2+ 42. Kf3 Qf5+ 43. Ke3 a5 44. Bd6 Qd5 45. Qe5 Qb3+ 46. Kf2 Qc2+ 47. Kf3 Qd3+ 48. Kg2 f5 49. Bc5 Qd7 50. Qd6 Qe8 51. Kf2 Qe4 52. Bd4 1/2-1/2

[Event "NRW Verbandsklasse Group2 1314"]
[Site "Nordrheinwestfalen"]
[Date "2013.11.24"]
[Round "4"]
[White "Seref, Okan"]
[Black "Zelt, Jens"]
[Result "0-1"]
[WhiteElo "1760"]
[BlackElo "2001"]
[PlyCount "88"]
[EventDate "2013.09.08"]
[EventType "team-tourn"]
[EventRounds "9"]
[EventCountry "GER"]
[SourceTitle "EXT 2020"]
[Source "ChessBase"]
[SourceDate "2019.10.17"]
[SourceVersion "1"]
[SourceVersionDate "2019.10.17"]
[SourceQuality "1"]
[WhiteTeam "Luenen Horstmar SC"]
[BlackTeam "Dortmund Hansa III"]
[WhiteTeamCountry "GER"]
[BlackTeamCountry "GER"]

1. e4 d6 2. d4 c6 3. Nf3 Nd7 4. Nc3 e5 5. dxe5 dxe5 6. Bc4 Be7 7. Be3 h6 8. h3 Ngf6 9. Qe2 b5 10. Bd3 0-0 11. 0-0 Re8 12. Rad1 Qc7 13. a3 Nf8 14. Nd2 Ne6 15. Nb3 Nd7 16. Qg4 Ndf8 17. Qg3 Ng6 18. Ne2 a6 19. c4 Ngf4 20. cxb5 axb5 21. Bxf4 exf4 22. Qh2 Bf6 23. Rd2 Be5 24. f3 Qb6+ 25. Kh1 c5 26. Bb1 c4 27. Nbc1 b4 28. axb4 Qxb4 29. Rfd1 Bxb2 30. Na2 Qb3 31. Nac1 Qb8 32. Na2 Be5 33. Nac3 Ba6 34. Nd5 Ra7 35. Qg1 Rb7 36. Ra2 Bb5 37. Qe1 Bc6 38. Ra6 Bd7 39. Ba2 Nc5 40. Ra5 Nb3 41. Bxb3 cxb3 42. Qh4 b2 43. Nec3 Be6 44. Rb1 Rc8 0-1

[Event "NRW Verbandsklasse Group2 1314"]
[Site "Nordrheinwestfalen"]
[Date "2013.09.08"]
[Round "1.5"]
[White "Seref, Okan"]
[Black "Krummsdorf, Sven"]
[Result "1-0"]
[WhiteElo "1760"]
[BlackElo "1652"]
[PlyCount "47"]
[EventDate "2013.09.08"]
[EventType "team-tourn"]
[EventRounds "9"]
[EventCountry "GER"]
[SourceTitle "EXT 2020"]
[Source "ChessBase"]
[SourceDate "2019.10.17"]
[SourceVersion "1"]
[SourceVersionDate "2019.10.17"]
[SourceQuality "1"]
[WhiteTeam "Luenen Horstmar SC"]
[BlackTeam "Welper SV II"]
[WhiteTeamCountry "GER"]
[BlackTeamCountry "GER"]

1. e4 d5 2. exd5 Qxd5 3. d4 Nc6 4. Nf3 Bg4 5. Be2 0-0-0 6. c4 Qh5 7. Be3 Nf6 8. 0-0 e5 9. d5 e4 10. Nd4 Ne5 11. Nd2 Bc5 12. Bxg4+ Nexg4 13. h3 Nxe3 14. Qxh5 Nxh5 15. fxe3 Nf6 16. N2b3 Bd6 17. Nf5 Be5 18. Nbd4 g6 19. Nh4 Rhf8 20. g4 Nd7 21. b4 Nb6 22. Rac1 Na4 23. Rc2 f6 24. Ne6 1-0

[Event "Dortmund Sparkassen op-B"]
[Site "Dortmund"]
[Date "2011.07.31"]
[Round "9"]
[White "Seref, Okan"]
[Black "Zolfagharian, Kevin"]
[Result "0-1"]
[WhiteElo "1524"]
[BlackElo "1721"]
[PlyCount "62"]
[EventDate "2011.07.23"]
[EventType "swiss"]
[EventRounds "9"]
[EventCountry "GER"]
[SourceTitle "EXT 2013"]
[Source "ChessBase"]
[SourceDate "2012.11.22"]
[SourceVersion "1"]
[SourceVersionDate "2012.11.22"]
[SourceQuality "1"]

1. e4 c5 2. c3 d5 3. exd5 Qxd5 4. d4 Nf6 5. Nf3 Bg4 6. Be2 e6 7. Be3 cxd4 8. cxd4 Bb4+ 9. Nbd2 Nc6 10. 0-0 Bxd2 11. Qxd2 0-0 12. Rfd1 Ne4 13. Qe1 a5 14. Rac1 Rfd8 15. a3 a4 16. h3 Bh5 17. Kh1 b5 18. Ng5 Bxe2 19. Qxe2 Nxg5 20. Rc5 Qd7 21. Rxg5 b4 22. d5 bxa3 23. Bb6 a2 24. Bxd8 Rxd8 25. Rg3 Qxd5 26. Ra1 Qf5 27. Re3 Nb4 28. Rc3 Qb1+ 29. Qe1 Qxe1+ 30. Rxe1 Nd3 31. Rd1 Nxf2+ 0-1

[Event "Dortmund Sparkassen op-B"]
[Site "Dortmund"]
[Date "2011.07.25"]
[Round "3"]
[White "Koenig, Udo"]
[Black "Seref, Okan"]
[Result "0-1"]
[WhiteElo "1832"]
[BlackElo "1524"]
[PlyCount "112"]
[EventDate "2011.07.23"]
[EventType "swiss"]
[EventRounds "9"]
[EventCountry "GER"]
[SourceTitle "EXT 2013"]
[Source "ChessBase"]
[SourceDate "2012.11.22"]
[SourceVersion "1"]
[SourceVersionDate "2012.11.22"]
[SourceQuality "1"]

1. e4 c5 2. Nc3 e6 3. Nf3 Nc6 4. d4 cxd4 5. Nxd4 g6 6. Nxc6 bxc6 7. a3 Bg7 8. Bc4 Ne7 9. Bd2 0-0 10. 0-0 d5 11. exd5 cxd5 12. Bb3 Ba6 13. Re1 Rc8 14. Rb1 Qc7 15. Na2 Nf5 16. Bc3 d4 17. Bd2 Rfd8 18. Nb4 Bb7 19. Nd3 Qc6 20. f3 Ne3 21. Bxe3 dxe3 22. Qe2 Ba6 23. Kh1 Qb6 24. Qxe3 Bd4 25. Qd2 Bxd3 26. Qxd3 Bf2 27. Qe2 Bxe1 28. Rxe1 Rd6 29. g3 Rcd8 30. Qe3 Rd1 31. Kg2 Qxe3 32. Rxe3 R8d2+ 33. Kh3 Rh1 34. c4 Rhxh2+ 35. Kg4 Rxb2 36. Rc3 Rhd2 37. c5 Rd8 38. c6 Rc8 39. Kf4 Rxb3 40. Rxb3 Rxc6 41. Ke5 Kg7 42. f4 Ra6 43. g4 Ra5+ 44. Ke4 h5 45. gxh5 gxh5 46. Rg3+ Kf6 47. Rh3 Ke7 48. Rh4 Kd6 49. Kd4 Ra4+ 50. Ke3 Rxa3+ 51. Ke4 Ra5 52. Rh2 Rd5 53. Ra2 a5 54. Kf3 Kc6 55. Kg3 Kb5 56. Re2 a4 0-1